|
|
|
|
| LEADER |
00000cam a2200000 a 4500 |
| 001 |
12978 |
| 005 |
20230308154522.0 |
| 008 |
949050|1947 ||||||||r|||||||||||spa|| |
| 040 |
|
|
|b spa
|
| 082 |
0 |
|
|a 863.32
|
| 110 |
2 |
|
|a Universidad de Buenos Aires.
|g UBA
|9 5689
|
| 245 |
1 |
1 |
|a Homenaje a Miguel de Cervantes Saavedra
|c Universidad de Buenos Aires
|h imp
|
| 264 |
|
|
|a Buenos Aires
|b Universidad de Buenos Aires
|c 1947
|
| 300 |
|
|
|a 203 páginas:
|c 25 cm
|
| 650 |
1 |
|
|9 110726
|a Miguel de cervantes saavedra
|
| 852 |
|
|
|a UC-CDJBV
|c TERCER PISO
|f Donación
|k margarita.gutierrez
|l 1
|m General
|p 19490503
|q 15,00
|r 8
|t 12978
|b 0
|d CDRC
|e CDRC
|g 863.32 TERCER PISO
|z 1949-90-50
|
| 942 |
|
|
|c BK
|
| 999 |
|
|
|c 2086
|d 2086
|